Manual of burn therapeutics : (Record no. 3021)
[ view plain ]
| 000 -LEADER | |
|---|---|
| fixed length control field | 01126cam a2200301 a 4500 |
| 001 - CONTROL NUMBER | |
| control field | 3753164 |
| 003 - CONTROL NUMBER IDENTIFIER | |
| control field | Ke-BoTe |
| 005 - DATE AND TIME OF LATEST TRANSACTION | |
| control field | 20220523121241.0 |
| 008 - FIXED-LENGTH DATA ELEMENTS--GENERAL INFORMATION | |
| fixed length control field | 840217s1983 maua b 001 0 eng |
| 010 ## - LIBRARY OF CONGRESS CONTROL NUMBER | |
| LC control number | 82083180 |
| 020 ## - INTERNATIONAL STANDARD BOOK NUMBER | |
| International Standard Book Number | 0316769584 (pbk.) : |
| Terms of availability | $15.95 (est. : $19.95 Can. : est.) |
| 040 ## - CATALOGING SOURCE | |
| Original cataloging agency | DLC |
| Transcribing agency | DLC |
| Modifying agency | DLC |
| 050 00 - LIBRARY OF CONGRESS CALL NUMBER | |
| Classification number | RD96.4 |
| Item number | .M365 1983 |
| 082 00 - DEWEY DECIMAL CLASSIFICATION NUMBER | |
| Classification number | 617/.1106 |
| Edition number | 19 |
| 245 00 - TITLE STATEMENT | |
| Title | Manual of burn therapeutics : |
| Remainder of title | an interdisciplinary approach / |
| Statement of responsibility, etc. | edited by Roger E. Salisbury, Nancy Marville Newman, G. Peter Dingeldein, Jr. |
| 250 ## - EDITION STATEMENT | |
| Edition statement | 1st ed. |
| 260 ## - PUBLICATION, DISTRIBUTION, ETC. | |
| Place of publication, distribution, etc. | Boston : |
| Name of publisher, distributor, etc. | Little, Brown ; |
| Date of publication, distribution, etc. | c1983. |
| 300 ## - PHYSICAL DESCRIPTION | |
| Extent | xii, 311 p. : |
| Other physical details | ill. ; |
| Dimensions | 22 cm. |
| 490 0# - SERIES STATEMENT | |
| Series statement | A Little, Brown spiral manual |
| 504 ## - BIBLIOGRAPHY, ETC. NOTE | |
| Bibliography, etc. note | Includes bibliographies and index. |
| 650 #0 - SUBJECT ADDED ENTRY--TOPICAL TERM | |
| Topical term or geographic name entry element | Burns and scalds |
| General subdivision | Handbooks, manuals, etc. |
| 9 (RLIN) | 6217 |
| 650 #0 - SUBJECT ADDED ENTRY--TOPICAL TERM | |
| Topical term or geographic name entry element | Burns and scalds |
| General subdivision | Patients |
| -- | Rehabilitation |
| -- | Handbooks, manuals, etc. |
| 9 (RLIN) | 6218 |
| 700 1# - ADDED ENTRY--PERSONAL NAME | |
| Personal name | Salisbury, Roger E., |
| Dates associated with a name | 1940- |
| 9 (RLIN) | 6219 |
| 700 1# - ADDED ENTRY--PERSONAL NAME | |
| Personal name | Newman, Nancy Marville. |
| 9 (RLIN) | 6220 |
| 700 1# - ADDED ENTRY--PERSONAL NAME | |
| Personal name | Dingeldein, G. Peter. |
| 9 (RLIN) | 6221 |
| 906 ## - LOCAL DATA ELEMENT F, LDF (RLIN) | |
| a | 7 |
| b | cbc |
| c | orignew |
| d | 2 |
| e | opcn |
| f | 19 |
| g | y-gencatlg |
| 942 ## - ADDED ENTRY ELEMENTS (KOHA) | |
| Source of classification or shelving scheme | Library of Congress Classification |
| Koha item type | Computer Files |
| Suppress in OPAC | No |
| Withdrawn status | Lost status | Source of classification or shelving scheme | Damaged status | Not for loan | Collection code | Home library | Current library | Shelving location | Date acquired | Total Checkouts | Full call number | Barcode | Date last seen | Price effective from | Koha item type |
|---|---|---|---|---|---|---|---|---|---|---|---|---|---|---|---|
| Library of Congress Classification | Non-fiction | SCHOOL OF HEALTH SCIENCES | SCHOOL OF HEALTH SCIENCES | General Stacks | 23.05.2022 | RD96.4.M365 1983 | 00001401 | 23.05.2022 | 23.05.2022 | Computer Files |
